000 01029nam a2200277 4500
001 148784
003 ES-MaACL
005 20230906202814.0
007 t|
008 070214m19711981sp r ||||1| spa d
100 1 _aSuárez, Francisco.
_9108560
245 1 0 _aDe legibus /
_cFrancisco Suárez.
250 _aEd. crítica bilingüe
_bpor Luciano Pereña... [et al.].
260 _aMadrid :
_bInstituto Francisco de Vitoria,
_c1971-81.
300 _a6 v. ;
_c21 cm.
500 _aContiene: I . De natura legis ---- II . De legis obligatione ---- III . De lege naturali ---- IV . De iure gentium ---- V. De civili potestate ---- VII . De lege positiva canonica ----- [Falta el t. VI]
700 1 _aPereña, Luciano.
_990516
710 2 _aInstituto Francisco de Vitoria.
_93245
740 0 _aDe natura legis.
740 0 _aDe legis obligatione.
740 0 _aDe lege naturali.
740 0 _aDe iure gentium.
740 0 _aDe civili potestate.
740 0 _aDe lege positiva canonica.
852 _aES-MaACL
_jP-1782
999 _c148784
_d148784